[Event "Doeberl Cup 58th"]
[Site "Canberra"]
[Date "2021.04.01"]
[Round "2"]
[White "Yu, Sally"]
[Black "Dale, Ari"]
[Result "1/2-1/2"]
[WhiteElo "1922"]
[BlackElo "2351"]
[PlyCount "86"]
[EventDate "2021.04.01"]
[EventType "swiss"]
[EventRounds "9"]
[EventCountry "AUS"]
[SourceTitle "EXT 2023"]
[Source "ChessBase"]
[SourceDate "2022.10.05"]
[SourceVersion "1"]
[SourceVersionDate "2022.10.05"]
[SourceQuality "1"]

1. e4 c6 2. d4 d5 3. Nc3 dxe4 4. Nxe4 Nf6 5. Nxf6+ exf6 6. c3 Bd6 7. Bd3 0-0 8. Ne2 Re8 9. 0-0 Nd7 10. Bf4 Nb6 11. Bxd6 Qxd6 12. Ng3 Qf4 13. Qc2 h6 14. Nf5 Bxf5 15. Bxf5 g6 16. Bd3 Kg7 17. Rfe1 h5 18. g3 Qd6 19. Re2 h4 20. Rae1 Rh8 21. Re7 Nd5 22. Rxb7 hxg3 23. fxg3 f5 24. Qd2 f4 25. c4 Ne3 26. gxf4 Ng4 27. Bf1 Rxh2 28. Re2 Rh5 29. Ree7 Rf5 30. Re4 Rh8 31. Rb3 Rfh5 32. Bg2 Qd8 33. Re2 Rh2 34. Qc3 Qh4 35. Qf3 Nf6 36. d5 cxd5 37. cxd5 Rh5 38. d6 Rd5 39. Rd3 Rxg2+ 40. Rxg2 Rxd3 41. Qxd3 Qxf4 42. Rf2 Qc1+ 43. Qf1 Qg5+ 1/2-1/2

[Event "Begonia op 55th"]
[Site "Ballarat"]
[Date "2021.03.07"]
[Round "5"]
[White "Yu, Sally"]
[Black "Solomon, Stephen J"]
[Result "0-1"]
[WhiteElo "1910"]
[BlackElo "2309"]
[PlyCount "28"]
[EventDate "2021.03.06"]
[EventType "swiss"]
[EventRounds "7"]
[EventCountry "AUS"]
[SourceTitle "CBM 201 Extra"]
[Source "ChessBase"]
[SourceDate "2021.05.31"]
[SourceVersion "1"]
[SourceVersionDate "2021.05.31"]
[SourceQuality "1"]

1. e4 e5 2. Nf3 Nf6 3. Nxe5 d6 4. Nf3 Nxe4 5. Qe2 Qe7 6. d3 Nf6 7. Bg5 Nbd7 8. Nc3 Qxe2+ 9. Bxe2 g6 10. 0-0-0 Bg7 11. Nd2 h6 12. Bf4 Nc5 13. Nc4 Ne6 14. Be3 d5 0-1

[Event "Begonia op 55th"]
[Site "Ballarat"]
[Date "2021.03.06"]
[Round "2"]
[White "Fernandez, Daniel Howard"]
[Black "Yu, Sally"]
[Result "1-0"]
[WhiteElo "2466"]
[BlackElo "1910"]
[PlyCount "73"]
[EventDate "2021.03.06"]
[EventType "swiss"]
[EventRounds "7"]
[EventCountry "AUS"]
[SourceTitle "CBM 201 Extra"]
[Source "ChessBase"]
[SourceDate "2021.05.31"]
[SourceVersion "1"]
[SourceVersionDate "2021.05.31"]
[SourceQuality "1"]

1. e4 e5 2. Nf3 Nc6 3. d4 exd4 4. Nxd4 Nf6 5. Nxc6 bxc6 6. e5 Qe7 7. Qe2 Nd5 8. h4 a5 9. Nd2 d6 10. exd6 cxd6 11. Ne4 Qe6 12. c4 Nb6 13. Ng5 Qxe2+ 14. Bxe2 Be7 15. Be3 Rb8 16. 0-0-0 0-0 17. Bf4 Ba6 18. b3 Rbd8 19. Rhe1 h6 20. Nf3 Rd7 21. Nd4 Bxh4 22. g3 Bg5 23. Bxg5 hxg5 24. Nxc6 Re8 25. Bg4 Rxe1 26. Rxe1 Rc7 27. Nxa5 Bxc4 28. Kb2 Bd5 29. Re8+ Kh7 30. Rd8 Ra7 31. Rxd6 Na4+ 32. bxa4 Rxa5 33. Bd1 f6 34. Ka3 Be4 35. Kb4 Ra8 36. a5 Kg6 37. f3 1-0

[Event "Doeberl Cup 56th"]
[Site "Canberra"]
[Date "2018.04.02"]
[Round "9"]
[White "Renjith, Sravan"]
[Black "Yu, Sally"]
[Result "1-0"]
[WhiteElo "1849"]
[BlackElo "1960"]
[PlyCount "125"]
[EventDate "2018.03.29"]
[EventType "swiss"]
[EventRounds "9"]
[EventCountry "AUS"]
[SourceTitle "EXT 2023"]
[Source "ChessBase"]
[SourceDate "2022.10.05"]
[SourceVersion "1"]
[SourceVersionDate "2022.10.05"]
[SourceQuality "1"]

1. b3 e5 2. Bb2 d6 3. c4 f5 4. d3 Nf6 5. e3 Be7 6. g3 0-0 7. Ne2 c6 8. Bg2 Qe8 9. 0-0 Qh5 10. f3 Bd8 11. c5 Bc7 12. cxd6 Bxd6 13. Nd2 Nd5 14. Nc4 Bc5 15. d4 exd4 16. Bxd4 Nd7 17. e4 fxe4 18. fxe4 N5f6 19. Bf3 Ng4 20. Bxg4 Rxf1+ 21. Kxf1 Qxg4 22. Bxc5 Qf3+ 23. Bf2 b5 24. Nd2 Qh1+ 25. Ng1 Ne5 26. Qh5 Nf7 27. Qc5 Bh3+ 28. Ke1 Rd8 29. Rc1 h6 30. Ke2 Bg4+ 31. Ke1 Qxh2 32. Qc3 Rf8 33. Nf1 Qg2 34. Ne3 Qxe4 35. Qxc6 Qe7 36. Kf1 Ne5 37. Qe4 Qf6 38. Rc2 Bh5 39. Nd5 Qd6 40. Nf4 Bf7 41. Qd4 Qf6 42. Re2 Re8 43. Nd3 Nxd3 44. Rxe8+ Bxe8 45. Qxd3 Qa1+ 46. Kg2 Bc6+ 47. Nf3 Qxa2 48. Qc3 Qa6 49. Kg1 Qb7 50. Nh4 Qd7 51. Qd4 Qh3 52. Qd8+ Kh7 53. Qd3+ Kg8 54. Nf3 Qh5 55. Kg2 a6 56. Be1 Qc5 57. Bc3 Qf8 58. Qe3 Bd5 59. Bb2 g5 60. Qc3 g4 61. Qh8+ Kf7 62. Qf6+ Kg8 63. Qg6+ 1-0

[Event "Doeberl Cup 56th"]
[Site "Canberra"]
[Date "2018.03.31"]
[Round "5"]
[White "Ng, Clive"]
[Black "Yu, Sally"]
[Result "1-0"]
[WhiteElo "2036"]
[BlackElo "1960"]
[PlyCount "59"]
[EventDate "2018.03.29"]
[EventType "swiss"]
[EventRounds "9"]
[EventCountry "AUS"]
[SourceTitle "EXT 2023"]
[Source "ChessBase"]
[SourceDate "2022.10.05"]
[SourceVersion "1"]
[SourceVersionDate "2022.10.05"]
[SourceQuality "1"]

1. e4 e5 2. Nf3 Nc6 3. d4 exd4 4. Nxd4 Nf6 5. Nxc6 bxc6 6. e5 Qe7 7. Qe2 Nd5 8. c4 Nb6 9. Nc3 a5 10. Qe4 Qe6 11. Bd3 g6 12. Be3 Rb8 13. 0-0 Bg7 14. Rae1 Ba6 15. b3 0-0 16. Bg5 d5 17. Qh4 dxc4 18. Ne4 Nd7 19. Nf6+ Bxf6 20. exf6 Qd6 21. Bf5 Nxf6 22. Bxf6 Rfe8 23. Rd1 Qf8 24. bxc4 Bc8 25. Bxc8 Rbxc8 26. Rd3 Re6 27. Rh3 h6 28. Bc3 Kh7 29. Bd2 h5 30. Qf4 1-0

[Event "Doeberl Cup 56th"]
[Site "Canberra"]
[Date "2018.03.30"]
[Round "4"]
[White "Yu, Sally"]
[Black "Maguire, Tom"]
[Result "0-1"]
[WhiteElo "1960"]
[BlackElo "2096"]
[PlyCount "154"]
[EventDate "2018.03.29"]
[EventType "swiss"]
[EventRounds "9"]
[EventCountry "AUS"]
[SourceTitle "EXT 2023"]
[Source "ChessBase"]
[SourceDate "2022.10.05"]
[SourceVersion "1"]
[SourceVersionDate "2022.10.05"]
[SourceQuality "1"]

1. e4 c6 2. d4 d5 3. Nc3 dxe4 4. Nxe4 Bf5 5. Ng3 Bg6 6. h4 h6 7. Nf3 Nd7 8. h5 Bh7 9. Bd3 Bxd3 10. Qxd3 e6 11. Bf4 Qa5+ 12. Bd2 Bb4 13. Ne4 Ngf6 14. Nd6+ Ke7 15. Nc4 Bxd2+ 16. Nfxd2 Qa6 17. Qb3 Nd5 18. 0-0-0 b5 19. Ne5 Nxe5 20. dxe5 c5 21. Rh3 c4 22. Qa3+ Qxa3 23. Rxa3 Rhd8 24. Rf3 Nb4 25. a3 Na2+ 26. Kb1 Rd5 27. Kxa2 Rad8 28. b3 Rxd2 29. Rxd2 Rxd2 30. Kb2 Re2 31. bxc4 Rxe5 32. g4 bxc4 33. Rf4 Re2 34. Rxc4 Rxf2 35. Kb3 Kf6 36. Ra4 Rg2 37. Rf4+ Ke7 38. Ra4 a6 39. Re4 Rd2 40. c4 Kd6 41. Kb4 e5 42. Kc3 Rg2 43. a4 a5 44. c5+ Kd5 45. c6 Rg3+ 46. Kd2 Kxc6 47. Rxe5 Rxg4 48. Rxa5 Rg5 49. Ra7 Rxh5 50. Rxf7 Rg5 51. Rf4 Rg3 52. Ke2 Kb6 53. Kf2 Rg6 54. Ke3 Ka5 55. Rd4 Rf6 56. Rg4 g5 57. Rd4 Rf5 58. Ke2 h5 59. Re4 g4 60. Re3 Kxa4 61. Rg3 Kb4 62. Ke3 Kc5 63. Ke4 Rf1 64. Ke5 Rf3 65. Rg2 Kc4 66. Ke4 Rh3 67. Rc2+ Kb3 68. Rg2 Kc3 69. Kf4 Kd3 70. Ra2 Rh1 71. Ra3+ Ke2 72. Ra7 Kf2 73. Rg7 Ra1 74. Rb7 Ra4+ 75. Kg5 g3 76. Rb2+ Kg1 77. Kxh5 g2 0-1

[Event "Olympiad Women-41"]
[Site "Tromsoe"]
[Date "2014.08.08"]
[Round "6.4"]
[White "Machlik, Edit"]
[Black "Yu, Sally"]
[Result "0-1"]
[WhiteElo "1950"]
[BlackElo "1953"]
[PlyCount "130"]
[EventDate "2014.08.02"]
[EventType "team-swiss"]
[EventRounds "11"]
[EventCountry "NOR"]
[SourceTitle "CBM 162"]
[Source "ChessBase"]
[SourceDate "2014.09.17"]
[SourceVersion "1"]
[SourceVersionDate "2014.09.17"]
[SourceQuality "1"]
[WhiteTeam "Norway (W) II"]
[BlackTeam "Australia (W)"]
[WhiteTeamCountry "NOR"]
[BlackTeamCountry "AUS"]

1. d4 d5 2. c4 e6 3. Nc3 c5 4. cxd5 cxd4 5. Qxd4 Nc6 6. Qd1 exd5 7. Qxd5 Be6 8. Qb5 a6 9. Qxb7 Nb4 10. Qe4 Nf6 11. Qb1 Bc5 12. a3 Nc6 13. e3 Bb3 14. Nf3 Qe7 15. Be2 0-0 16. 0-0 Rfd8 17. Nd2 Na5 18. Bd1 Rab8 19. Nxb3 Nxb3 20. Bxb3 Rxb3 21. Qc2 Rdb8 22. Rd1 Bd6 23. Ne2 R3b7 24. Ng3 Be5 25. Rb1 Rc7 26. Qe2 Qe6 27. b4 Rbc8 28. Qd3 Rd7 29. Qe2 Rdc7 30. Bd2 Nd5 31. Rdc1 Bc3 32. Qd3 h6 33. Bxc3 Rxc3 34. Qd2 R8c6 35. Rxc3 Nxc3 36. Rc1 Qb3 37. Ra1 Nb1 38. Qd8+ Kh7 39. h3 Rc1+ 40. Kh2 Rd1 41. Qc8 Qb2 42. Qf5+ Kg8 43. Qc8+ Kh7 44. Qc4 Qxf2 45. Ne2 Qf1 46. Ra2 Qh1+ 47. Kg3 Qe1+ 48. Kh2 Nd2 49. Rxd2 Rxd2 50. Qe4+ g6 51. Qe7 Qf1 52. Nf4 Qc4 53. h4 Rc2 54. h5 g5 55. Ng6 Qc7+ 56. Qxc7 Rxc7 57. Ne5 Kg7 58. Nd3 Rc3 59. Nc5 Rxa3 60. e4 Kf6 61. g3 g4 62. Nd7+ Kg5 63. Ne5 f6 64. Nd7 Ra4 65. Nf8 Kxh5 0-1

[Event "Pan American Intercollegiate-chT"]
[Site "Princeton"]
[Date "2012.12.27"]
[Round "1"]
[White "Yu, Sally"]
[Black "Robson, Ray"]
[Result "0-1"]
[WhiteElo "1996"]
[BlackElo "2615"]
[PlyCount "100"]
[EventDate "2012.12.27"]
[EventType "team-swiss"]
[EventRounds "6"]
[EventCountry "USA"]
[SourceTitle "CBM 152 Extra"]
[Source "ChessBase"]
[SourceDate "2013.02.25"]
[SourceVersion "1"]
[SourceVersionDate "2013.02.25"]
[SourceQuality "1"]
[WhiteTeam "Princeton"]
[BlackTeam "Webster"]
[WhiteTeamCountry "USA"]
[BlackTeamCountry "USA"]

1. e4 c5 2. Nf3 d6 3. d4 cxd4 4. Nxd4 Nf6 5. Nc3 e6 6. Be2 Be7 7. 0-0 0-0 8. Be3 Nc6 9. f4 a6 10. Qe1 Nxd4 11. Bxd4 b5 12. a3 Bb7 13. Bd3 Qc7 14. Qg3 Bc6 15. Rae1 Qb7 16. Nd1 g6 17. Nf2 b4 18. axb4 Qxb4 19. Bc3 Qb6 20. Kh1 d5 21. Be5 dxe4 22. Nxe4 Bxe4 23. Bxe4 Rac8 24. Bd3 Nd7 25. f5 Nxe5 26. Qxe5 Bd6 27. Qf6 exf5 28. Ra1 Qc7 29. Bxf5 Be7 30. Qxa6 gxf5 31. c3 Qd6 32. Qxd6 Bxd6 33. Rxf5 Rfe8 34. Rf2 Bc5 35. Rc2 Re4 36. g3 Rce8 37. Rac1 Kg7 38. Kg2 h5 39. b4 Bf8 40. Rf2 Rc4 41. Rb2 Rec8 42. Rb3 Bxb4 43. Rf1 Bxc3 44. Rb5 R4c5 45. Rbb1 Be5 46. Rf5 Kg6 47. Rbf1 f6 48. R5f3 Rc2+ 49. Kh3 h4 50. Rg1 hxg3 0-1

[Event "Olympiad Women-40"]
[Site "Istanbul"]
[Date "2012.09.07"]
[Round "10.3"]
[White "Yu, Sally"]
[Black "Fernandez, Maria Florencia"]
[Result "1-0"]
[WhiteElo "1990"]
[BlackElo "2160"]
[PlyCount "89"]
[EventDate "2012.08.28"]
[EventType "team-swiss"]
[EventRounds "11"]
[EventCountry "TUR"]
[SourceTitle "CBM 150 Extra"]
[Source "ChessBase"]
[SourceDate "2012.10.19"]
[SourceVersion "1"]
[SourceVersionDate "2012.10.19"]
[SourceQuality "1"]
[WhiteTeam "Australia (W)"]
[BlackTeam "Argentina (W)"]
[WhiteTeamCountry "AUS"]
[BlackTeamCountry "ARG"]

1. e4 c5 2. Nc3 Nc6 3. Bb5 g6 4. Bxc6 bxc6 5. d3 Bg7 6. f4 d6 7. Nf3 Qb6 8. 0-0 Bg4 9. Kh1 Nf6 10. Qe1 0-0 11. Qh4 Bxf3 12. Rxf3 Qc7 13. f5 Rfb8 14. Rh3 Kf8 15. Bh6 Bxh6 16. Qxh6+ Ke8 17. Rf1 Rxb2 18. e5 dxe5 19. Ne4 Rab8 20. fxg6 hxg6 21. Nxc5 Nd7 22. Qh8+ Nf8 23. Qg7 e6 24. Rh8 Qe7 25. Nxe6 Rb1 26. Rxf8+ Kd7 27. Qxf7 Qxf7 28. Nc5+ Kd6 29. Ne4+ Kd5 30. R8xf7 Rxf1+ 31. Rxf1 Rb2 32. h4 Rxc2 33. Rf6 Kd4 34. Rxg6 Kxd3 35. h5 Rc1+ 36. Kh2 Kxe4 37. h6 Kf5 38. h7 Kxg6 39. h8Q Kf5 40. Qh5+ Ke4 41. Qe2+ Kf5 42. g4+ Ke6 43. g5 Rc5 44. Qg4+ Ke7 45. Qb4 1-0

[Event "Olympiad Women-40"]
[Site "Istanbul"]
[Date "2012.09.05"]
[Round "8.2"]
[White "Yu, Sally"]
[Black "Coimbra, Margarida Goncalves"]
[Result "0-1"]
[WhiteElo "1990"]
[BlackElo "2116"]
[PlyCount "52"]
[EventDate "2012.08.28"]
[EventType "team-swiss"]
[EventRounds "11"]
[EventCountry "TUR"]
[SourceTitle "CBM 150 Extra"]
[Source "ChessBase"]
[SourceDate "2012.10.19"]
[SourceVersion "1"]
[SourceVersionDate "2012.10.19"]
[SourceQuality "1"]
[WhiteTeam "Australia (W)"]
[BlackTeam "Portugal (W)"]
[WhiteTeamCountry "AUS"]
[BlackTeamCountry "POR"]

1. e4 e5 2. Nf3 Nc6 3. Bb5 a6 4. Ba4 Nf6 5. d4 exd4 6. 0-0 Be7 7. Re1 b5 8. e5 Nxe5 9. Rxe5 d6 10. Re1 bxa4 11. Nxd4 Bd7 12. Qf3 0-0 13. Nc6 Bxc6 14. Qxc6 Re8 15. Qxa4 Bf8 16. Qa5 Qd7 17. Bd2 Rxe1+ 18. Bxe1 Re8 19. Nc3 Qc6 20. f3 Re5 21. Qa4 Qb6+ 22. Kf1 Qxb2 23. Rb1 Rxe1+ 24. Kxe1 Qxc3+ 25. Ke2 Nd5 26. Qe4 Qc5 0-1

[Event "Doeberl Cup 50th"]
[Site "Canberra"]
[Date "2012.04.08"]
[Round "8"]
[White "Illingworth, Max"]
[Black "Yu, Sally"]
[Result "1-0"]
[WhiteElo "2352"]
[BlackElo "1960"]
[PlyCount "83"]
[EventDate "2012.04.05"]
[EventType "swiss"]
[EventRounds "9"]
[EventCountry "AUS"]
[SourceTitle "CBM 147 Extra"]
[Source "ChessBase"]
[SourceDate "2012.04.24"]
[SourceVersion "1"]
[SourceVersionDate "2012.04.24"]
[SourceQuality "1"]

1. d4 d5 2. c4 e6 3. Nc3 Be7 4. cxd5 exd5 5. Bf4 Nf6 6. e3 0-0 7. Bd3 Nbd7 8. Qc2 c6 9. Nf3 Re8 10. 0-0 Nf8 11. h3 Ng6 12. Bh2 Bd6 13. Bxd6 Qxd6 14. Rab1 b6 15. Rfe1 Bd7 16. e4 dxe4 17. Nxe4 Nxe4 18. Bxe4 Rac8 19. Rbd1 h6 20. Bxg6 Rxe1+ 21. Rxe1 fxg6 22. Qc4+ Kh7 23. Qf7 Rf8 24. Qe7 Rf6 25. Qxd6 Rxd6 26. Re7 a5 27. g4 Kg8 28. Ne5 Be6 29. a3 Bd5 30. Re8+ Kh7 31. Rc8 h5 32. g5 Be6 33. Rxc6 Rxc6 34. Nxc6 Bxh3 35. Ne7 Bd7 36. Kh2 b5 37. Kg3 a4 38. d5 Bg4 39. f3 Bd7 40. Kh4 Be8 41. Nc6 Kg8 42. Ne5 1-0

[Event "Doeberl Cup Premier 50th"]
[Site "Canberra"]
[Date "2012.04.05"]
[Round "2"]
[White "Brown, Andrew"]
[Black "Yu, Sally"]
[Result "1/2-1/2"]
[WhiteElo "2221"]
[BlackElo "1960"]
[PlyCount "98"]
[EventDate "2012.04.05"]
[EventType "swiss"]
[EventRounds "9"]
[EventCountry "AUS"]
[SourceTitle "EXT 2023"]
[Source "ChessBase"]
[SourceDate "2022.10.05"]
[SourceVersion "1"]
[SourceVersionDate "2022.10.05"]
[SourceQuality "1"]

1. d4 d5 2. c4 e6 3. Nf3 Nf6 4. Nc3 Be7 5. Bf4 0-0 6. e3 b6 7. Qc2 Bb7 8. Be2 a6 9. 0-0 Nbd7 10. Rfd1 dxc4 11. Bxc4 Bxf3 12. gxf3 b5 13. Bb3 Rc8 14. d5 e5 15. Bg3 Kh8 16. Ne2 Nh5 17. f4 Bd6 18. fxe5 Nxg3 19. hxg3 Nxe5 20. Kg2 Qf6 21. Nd4 g6 22. a4 b4 23. a5 Kg7 24. Ba4 h5 25. Rh1 Rh8 26. Rh4 Ng4 27. Bd7 Ra8 28. Bxg4 hxg4 29. Rxg4 Rh5 30. Rh1 Rah8 31. Rxh5 Rxh5 32. Qc4 Be5 33. b3 Qd6 34. Qc6 Qf6 35. Qxf6+ Bxf6 36. Nc6 Rxd5 37. Rxb4 Bc3 38. e4 Rb5 39. f4 Kf6 40. Kf3 Ke6 41. Ke3 Kd6 42. g4 f6 43. Kd3 Kd7 44. f5 g5 45. Ke3 Kd6 46. Nd8 c5 47. Kd3 Kd7 48. Ne6 Kd6 49. Nd8 Kd7 1/2-1/2

[Event "Begonia op 46th"]
[Site "Ballarat"]
[Date "2012.03.12"]
[Round "7"]
[White "Yu, Sally"]
[Black "Cook, Patrick"]
[Result "1-0"]
[WhiteElo "1960"]
[BlackElo "1689"]
[PlyCount "51"]
[EventDate "2012.03.10"]
[EventType "swiss"]
[EventRounds "7"]
[EventCountry "AUS"]
[SourceTitle "EXT 2019"]
[Source "ChessBase"]
[SourceDate "2018.10.10"]
[SourceVersion "1"]
[SourceVersionDate "2018.10.10"]
[SourceQuality "1"]

1. e4 e6 2. d4 d5 3. Nc3 Nf6 4. e5 Nfd7 5. f4 c5 6. Nf3 Nc6 7. Be3 cxd4 8. Nxd4 Nxd4 9. Bxd4 Bc5 10. Ne2 Bxd4 11. Nxd4 a6 12. c3 0-0 13. Bd3 Nc5 14. Bc2 f6 15. exf6 Qxf6 16. 0-0 b5 17. f5 e5 18. Nxb5 Qc6 19. Na3 Bb7 20. Rf2 d4 21. cxd4 exd4 22. Qxd4 Rad8 23. Qc4+ Kh8 24. Qh4 Rf6 25. Nc4 Ne4 26. Ne5 1-0

[Event "Wch U18 Girls"]
[Site "Caldas Novas"]
[Date "2011.11.25"]
[Round "8"]
[White "Yu, Sally"]
[Black "Cancio Bello Ayes, Flavia"]
[Result "0-1"]
[WhiteElo "1918"]
[BlackElo "2119"]
[PlyCount "80"]
[EventDate "2011.11.18"]
[EventType "swiss"]
[EventRounds "9"]
[EventCountry "BRA"]
[SourceTitle "EXT 2013"]
[Source "ChessBase"]
[SourceDate "2012.11.22"]
[SourceVersion "1"]
[SourceVersionDate "2012.11.22"]
[SourceQuality "1"]

1. e4 c5 2. Nf3 Nc6 3. d4 cxd4 4. Nxd4 Nf6 5. Nc3 e5 6. Ndb5 d6 7. Bg5 a6 8. Na3 b5 9. Bxf6 gxf6 10. Nd5 Bg7 11. c3 Ne7 12. Nxe7 Qxe7 13. Nc2 f5 14. exf5 0-0 15. Ne3 e4 16. Be2 Bb7 17. 0-0 Rad8 18. a4 b4 19. cxb4 Bxb2 20. Rb1 Bg7 21. b5 axb5 22. Rxb5 Bc6 23. f6 Qxf6 24. Rf5 Qd4 25. Bb5 Bb7 26. Qg4 Bc8 27. Rd1 Bxf5 28. Nxf5 Qf6 29. Qxe4 Kh8 30. Bd3 Rde8 31. Qg4 Re5 32. Be4 d5 33. Bc2 Rfe8 34. h3 Bf8 35. Ne3 Bc5 36. Nf5 Re1+ 37. Rxe1 Rxe1+ 38. Kh2 Bxf2 39. Qb4 Qe5+ 40. g3 Bc5 0-1

[Event "Wch U18 Girls"]
[Site "Caldas Novas"]
[Date "2011.11.20"]
[Round "3"]
[White "Petrova, Irina"]
[Black "Yu, Sally"]
[Result "1/2-1/2"]
[WhiteElo "2106"]
[BlackElo "1918"]
[PlyCount "30"]
[EventDate "2011.11.18"]
[EventType "swiss"]
[EventRounds "9"]
[EventCountry "BRA"]
[SourceTitle "EXT 2013"]
[Source "ChessBase"]
[SourceDate "2012.11.22"]
[SourceVersion "1"]
[SourceVersionDate "2012.11.22"]
[SourceQuality "1"]

1. d4 d5 2. Nf3 Nf6 3. Bg5 Ne4 4. Bf4 e6 5. e3 g5 6. Be5 f6 7. Bg3 h5 8. h3 Nxg3 9. fxg3 Qd6 10. Kf2 Bh6 11. Bd3 f5 12. Ne5 Bg7 13. Nf3 Bh6 14. Ne5 Bg7 15. Nf3 Bh6 1/2-1/2

[Event "Doeberl Cup 49th"]
[Site "Canberra"]
[Date "2011.04.25"]
[Round "9"]
[White "Tan, Kevin1111"]
[Black "Yu, Sally"]
[Result "1-0"]
[WhiteElo "1930"]
[BlackElo "1914"]
[PlyCount "49"]
[EventDate "2011.04.21"]
[EventType "swiss"]
[EventRounds "9"]
[EventCountry "AUS"]
[SourceTitle "CBM 141 Extra"]
[Source "ChessBase"]
[SourceDate "2011.05.03"]
[SourceVersion "1"]
[SourceVersionDate "2011.05.03"]
[SourceQuality "1"]

1. c4 e5 2. Nc3 d6 3. Nf3 c6 4. e4 f5 5. d4 Qc7 6. exf5 Bxf5 7. Bd3 Bg4 8. 0-0 exd4 9. Ne4 Nd7 10. Qe1 0-0-0 11. Nxd4 Ne5 12. Be2 Re8 13. f4 Bxe2 14. Qxe2 Nd7 15. Qd3 Ngf6 16. Ng5 Nc5 17. Qa3 Qb6 18. b4 Na6 19. Qh3+ Kb8 20. Be3 Ng4 21. Qxg4 Rxe3 22. Nge6 Nc7 23. Rae1 Rd3 24. c5 Qxb4 25. Nxc6+ 1-0

[Event "Surfers Paradise op"]
[Site "Gold Coast"]
[Date "2010.12.29"]
[Round "9"]
[White "Ikeda, Junta"]
[Black "Yu, Sally"]
[Result "1-0"]
[WhiteElo "2262"]
[BlackElo "1889"]
[PlyCount "105"]
[EventDate "2010.12.26"]
[EventType "swiss"]
[EventRounds "9"]
[EventCountry "AUS"]
[SourceTitle "CBM 140 Extra"]
[Source "ChessBase"]
[SourceDate "2011.03.01"]
[SourceVersion "1"]
[SourceVersionDate "2011.03.01"]
[SourceQuality "1"]

1. Nf3 d5 2. g3 Nf6 3. Bg2 e6 4. 0-0 Be7 5. d3 c5 6. Nbd2 0-0 7. e4 b6 8. Re1 Nc6 9. e5 Nd7 10. Nf1 f6 11. exf6 Nxf6 12. Bh3 e5 13. Bxc8 Qxc8 14. Nxe5 Nxe5 15. Rxe5 Bd6 16. Re1 Qh3 17. Qf3 Ne4 18. Qg2 Qxg2+ 19. Kxg2 Nf6 20. Bg5 h6 21. Bxf6 Rxf6 22. f4 Raf8 23. Re2 h5 24. h4 g6 25. Rae1 Kg7 26. Nh2 R8f7 27. Nf3 d4 28. Ng5 Rd7 29. Re8 b5 30. Ne4 Rf8 31. Rxf8 Bxf8 32. Ng5 Be7 33. Nf3 Bf6 34. Nd2 Kf7 35. b3 Bd8 36. Re5 Be7 37. Kf3 Rc7 38. Re1 Rd7 39. Ra1 Rc7 40. Ke2 Bf6 41. a4 b4 42. Kf2 Be7 43. Re1 Rd7 44. Kf3 Rc7 45. Nc4 Rb7 46. Re5 Rd7 47. Ke4 Kf6 48. f5 Kg7 49. Re6 gxf5+ 50. Kxf5 Rd5+ 51. Re5 Rd7 52. Ke6 Rc7 53. Rxh5 1-0

[Event "Melbourne Cup"]
[Site "Melbourne"]
[Date "2010.10.31"]
[Round "4"]
[White "Yu, Sally"]
[Black "Tan, Justin Hy"]
[Result "0-1"]
[WhiteElo "1676"]
[BlackElo "1978"]
[PlyCount "96"]
[EventDate "2010.10.29"]
[EventType "swiss"]
[EventRounds "9"]
[EventCountry "AUS"]
[SourceTitle "EXT 2012"]
[Source "ChessBase"]
[SourceDate "2011.11.24"]
[SourceVersion "1"]
[SourceVersionDate "2011.11.24"]
[SourceQuality "1"]

1. e4 e5 2. Nf3 Nc6 3. Bb5 a6 4. Ba4 Nf6 5. 0-0 Be7 6. Re1 b5 7. Bb3 d6 8. h3 Na5 9. c3 Nxb3 10. Qxb3 Bb7 11. d3 0-0 12. Nbd2 Re8 13. Nf1 Bf8 14. Bg5 h6 15. Bh4 Be7 16. Qc2 Nh5 17. Bxe7 Qxe7 18. g3 Bc8 19. Kh2 Qe6 20. Ng1 Qg6 21. Ne3 c6 22. Rad1 Ra7 23. Ng2 d5 24. Qe2 Nf6 25. Qe3 Rae7 26. exd5 cxd5 27. Qc5 Qh5 28. Ne3 e4 29. Kg2 Qg6 30. Nxd5 Nxd5 31. Qxd5 Bb7 32. Qd4 exd3+ 33. Kf1 Rxe1+ 34. Rxe1 Bg2+ 35. Kxg2 Rxe1 36. Nf3 Re2 37. b3 Qe4 38. Qxe4 Rxe4 39. Kf1 Re2 40. a4 Rc2 41. axb5 Rc1+ 42. Kg2 axb5 43. c4 bxc4 44. bxc4 Rxc4 45. h4 Rc2 46. Kf1 Rc1+ 47. Kg2 Rd1 48. Kh3 h5 0-1

[Event "Melbourne Cup"]
[Site "Melbourne"]
[Date "2010.10.30"]
[Round "2"]
[White "Stojic, Svetozar"]
[Black "Yu, Sally"]
[Result "1-0"]
[WhiteElo "1882"]
[BlackElo "1676"]
[PlyCount "101"]
[EventDate "2010.10.29"]
[EventType "swiss"]
[EventRounds "9"]
[EventCountry "AUS"]
[SourceTitle "EXT 2012"]
[Source "ChessBase"]
[SourceDate "2011.11.24"]
[SourceVersion "1"]
[SourceVersionDate "2011.11.24"]
[SourceQuality "1"]

1. e4 e5 2. Nf3 Nc6 3. Bb5 a6 4. Bxc6 dxc6 5. 0-0 Bg4 6. h3 h5 7. d3 Qf6 8. Nbd2 Ne7 9. Re1 Bxf3 10. Nxf3 Ng6 11. d4 Be7 12. Bg5 Qd6 13. Bxe7 Qxe7 14. Nxe5 Nxe5 15. dxe5 Qxe5 16. c3 0-0 17. Qb3 b6 18. Rad1 Rfd8 19. Qc4 Qf6 20. Qe2 g6 21. e5 Qe6 22. b3 b5 23. Qe4 Rd5 24. c4 Rc5 25. Qd4 Qe7 26. e6 fxe6 27. Rxe6 Qxe6 28. Qxc5 Rf8 29. Qg5 Rf6 30. Rd8+ Kf7 31. Qe3 bxc4 32. Qxe6+ Rxe6 33. bxc4 Re4 34. Ra8 Rxc4 35. Rxa6 Rc1+ 36. Kh2 Rc2 37. Kg3 Kf6 38. Ra7 Kf5 39. a4 Ra2 40. a5 c5 41. a6 c4 42. Kf3 c6 43. Ra8 Kg5 44. Ke3 c5 45. g3 Kf6 46. f4 Kg7 47. a7 c3 48. Kd3 c2 49. Kd2 c4 50. g4 c3+ 51. Kc1 1-0

[Event "Sydney op"]
[Site "Parramatta"]
[Date "2010.04.11"]
[Round "9"]
[White "Christensen, Joshua"]
[Black "Yu, Sally"]
[Result "0-1"]
[WhiteElo "1836"]
[BlackElo "1933"]
[PlyCount "74"]
[EventDate "2010.04.07"]
[EventType "swiss"]
[EventRounds "9"]
[EventCountry "AUS"]
[SourceTitle "CBM 135 Extra"]
[Source "ChessBase"]
[SourceDate "2010.05.04"]
[SourceVersion "1"]
[SourceVersionDate "2010.05.04"]
[SourceQuality "1"]

1. d4 d5 2. c4 e6 3. Nc3 Be7 4. Nf3 Nf6 5. Bg5 0-0 6. e3 Nbd7 7. Rc1 a6 8. cxd5 exd5 9. Bd3 b6 10. 0-0 Bb7 11. Qc2 Rc8 12. Rfd1 h6 13. Bh4 Ne4 14. Bxe7 Qxe7 15. Bxe4 dxe4 16. Nd2 f5 17. Qb3+ Kh8 18. Nd5 Qd6 19. Nf4 g5 20. Ne2 f4 21. exf4 gxf4 22. Qh3 Rg8 23. g3 Rg7 24. Nc4 Qf6 25. Ne5 fxg3 26. fxg3 Nxe5 27. dxe5 Qxe5 28. Nd4 Qg5 29. Re1 Qf6 30. Nf5 Rf8 31. Rf1 Rh7 32. Qg2 c5 33. Nh4 Qd4+ 34. Kh1 Rhf7 35. Ng6+ Kg8 36. Nxf8 e3 37. Qxb7 Rxb7 0-1